=LDR 00000nam 2200000 4500 =001 INLIS000000000001862 =005 20130612090238 =008 ***********************************Ind** =035 ##$$0010-061300000001862 =041 ##$$a Ind =082 ##$$a 614.4 =090 ##$$a 614.4, Sut e =100 ##$$a Sutrisno, Bambang =245 ##$$a Epidemiologi lanjut volume 1, Bambang Sutrisno =260 ##$$a 1990 $b Jakarta =300 ##$$a ix,188 hlm, ilus, 21 cm =650 ##$$a Epidemiologi =850 ##$$a NBPNMAT